LEADER 01344nam a2200301 u 4500 001 000000031003 003 CaOOAMICUS 005 20070226112106.0 008 970925s1992 it u000 u ita u 020 $a8821198306 035 $a10770514 040 $aPUL(R)$bita$dEFR 245 03$aLe provocazioni di Giobbe :$buna figura biblica nell'orizzonte letterario /$cBenedetto Calati, ... [et al.]. 260 $aGenova :$bMarietti,$c1992. 300 $a120 p. ;$c21 cm 490 1 $aPunti critici ;$v1 504 $aBibliografia: p. [117]-120. 600 00$aJob,$c(Biblical figure)$xIn literature.$2//eng$0(OLS)http://pul/subject/17247 650 0$aLiterature, Modern$y20th century$xHistory and criticism.$2//eng$0(OLS)http://pul/subject/17248 700 1 $aCalati, Benedetto,$cO.S.B.Cam.,$d1914-$0(OLS)http://pul/name/24864 830 0$aPunti critici ;$v1.$0(OLS)http://pul/title/42607 850 $aPUL 852 $aPUL$W1$xSL Religione 1$y3$m7 B 59$j42833$nBK-PRI$b $qStampati$B42833$CPULBib$Z2$F42833 $H $81 941 1 $a8 961 $aINV: 69475 996 $6020$a8821198306$9(OLS)http://pul/number/38885 996 $6245$aLe provocazioni di Giobbe :$buna figura biblica nell'orizzonte letterario$9(OLS)http://pul/title/42606 996 $6260$aGenova :$bMarietti$9(OLS)http://pul/publisher/48994 LEADER 01292nam a2200313 a 4500 001 000000129407 003 CaOOAMICUS 005 20120626100612.0 008 120626s2012 it u000 u ita r 020 $a978-88-10-14069-7 040 $aPUL$bita 082 04$a261.8 100 1 $aCiattini, Carlo.$0(OLS)http://pul/name/53960 245 10$aMissione della chiesa e dottrina sociale /$cCarlo Ciattini ; presentazione di mons. Mario Toso. 260 $aBologna :$bEDB,$cİ2012. 300 $a86 p. ;$c21 cm 490 1 $aOggi e domani. Serie II ;$v82 504 $aInclude riferimenti bibliografici ed indice. 650 4$aChiesa$xDottrina sociale.$0(OLS)http://pul/subject/7162 700 0 $aToso, Mario.$0(OLS)http://pul/name/57528 830 0$aOggi e domani.$nSerie II ;$v82.$0(OLS)http://pul/title/47649 850 $aPUL 852 $aPUL$W1$xSL Religione 3$y85$m261. 8 CIACA 2$j149886$qDDC 21$B148413$CPULBib$Z2$F148413 $H120206 $82 941 1 $a9 996 $6020$a978-88-10-14069-7$9(OLS)http://pul/number/150093 996 $6082$a261.8$9(OLS)http://pul/classification/367 996 $6245$aMissione della chiesa e dottrina sociale$9(OLS)http://pul/title/163532 996 $6260$aBologna :$bEDB$9(OLS)http://pul/publisher/56073